• 首页
  • 本馆介绍
  • 公告通知
  • 最新文献
  • 馆藏检索
  • 电子资源
  • 读者导购
  • 参考咨询
  • 我的图书馆
  • 登录
  • 详细信息显示
  • 放入我的书架
  • 预约/预借图书
  • 作者相关作品
  • 分类相关作品
  • 丛书相关作品
  • 出版社相关作品

书目信息

  • 表格格式
  • 工作单格式
  • 卡片格式
题名:
SPSS统计分析与应用
    
 
作者: 朱建平 , 方匡南 , 章贵军 主编
分册:  
出版信息: 北京   首都经济贸易大学出版社  2013
页数: 291页
开本: 24cm
丛书名:
单 册:
中图分类: C819
科图分类:
主题词: 统计分析--统计程序 , 统计分析 , 统计程序
电子资源:
ISBN: 978-7-5638-2026-9
000 01151nam0 2200289 450
001 523
005 20140905091213.95
010    @a978-7-5638-2026-9@dCNY29.00
100    @a20130416d2013 em y0chiy50 ea
101 0  @achi
102    @aCN@b110000
105    @ay z 000yy
106    @ar
200 1  @aSPSS统计分析与应用@ASPSS Tong Ji Fen Xi Yu Ying Yong@f朱建平,方匡南,章贵军主编@FZhu Jian Ping, Fang Kuang Nan, Zhang Gui Jun Zhu Bian
210    @a北京@c首都经济贸易大学出版社@d2013
215    @a291页@d24cm
330    @a本书分为三部分:第一部分,包括第1章和第2章,具体介绍SPSS软件的入门基础知识;第二部分,包括第3至第9章经典统计方法与SPSS的实现,具体介绍统计描述、统计推断、方差分析等;第三部分,包括第10至第15章,主要讲述现代统计分析方法与SPSS的实现,具体介绍聚类分析、判别分析、因子分析、主成分分析等。
606 0  @a统计分析@x统计程序
606 0  @a统计分析
606 0  @a统计程序
610 0  @aSPSS
690    @aC819@v5
701  0 @a朱建平@AZhu Jian Ping@f(1962.9~)@4主编
701  0 @a方匡南@AFang Kuang Nan@4主编
701  0 @a章贵军@AZhang Gui Jun@4主编
801  0 @aCN@bTANGWEI@c20140603
905    @b0840557-59@dC819@e104@f3
    
    SPSS统计分析与应用/朱建平,方匡南,章贵军主编.-北京:首都经济贸易大学出版社,2013
    291页;24cm
    
    
    ISBN 978-7-5638-2026-9:CNY29.00
    本书分为三部分:第一部分,包括第1章和第2章,具体介绍SPSS软件的入门基础知识;第二部分,包括第3至第9章经典统计方法与SPSS的实现,具体介绍统计描述、统计推断、方差分析等;第三部分,包括第10至第15章,主要讲述现代统计分析方法与SPSS的实现,具体介绍聚类分析、判别分析、因子分析、主成分分析等。
●
相关链接 在E读中查询图书 在五车中查询图书 在当当中查询图书 在豆瓣中查询图书


正题名:SPSS统计分析与应用     索取号:C819/104         预约/预借

序号 登录号 条形码 馆藏地/架位号 状态 备注
1 0840557   208405572   第一样本阅览室/ [索取号:C819/104] 在馆    
2 0840558   208405581   第一借阅区/ [索取号:C819/104] 在馆    
3 0840559   208405590   密集书库-物理学院/ [索取号:C819/104] 在馆    
唐山师范学院图书馆 欢迎您!
大连网信软件有限公司© 版权所有